00550 a2200169 4500010001400000020002300014035001300037037001500050082000800065245005100073260004500124270006200169300002500231490008700256500001900343700001800362 aENG-86888 c595.00a0195690712 aEN-70421 bDBAD / PUB14a3011 aHistorical anthropology /ced. by Saurabh Dube aNew DelhibOxford University Pressc2007 aYMCA Library Building, Jai Singh RoadbNew Delhie110 045 axiv, 427pc22cm (Hb) aOxford in India readings in sociology and social anthropology edited by T.N. Madan aIncludes index aDube, Saurabh